Filosofía para un tiempo de crisis
Salvato in:
| Autore principale: | |
|---|---|
| Natura: | Libro |
| Lingua: | spagnolo |
| Pubblicazione: |
Madrid
Guadarrama
1971
|
| Serie: | Colección universitaria de bolsillo punto omega, 136
|
| Soggetti: | |
| Tags: |
Aggiungi Tag
Nessun Tag, puoi essere il primo ad aggiungerne!!
|
MARC
| LEADER | 00000nam a2200000 a 4500 | ||
|---|---|---|---|
| 001 | UCY5601 | ||
| 003 | CL-VaPUC | ||
| 008 | 950512e19710000SP |||||||||||||||||spa|d | ||
| 082 | 0 | 4 | |a 142.7 |b MAR |2 21 |
| 100 | |a Marcel, Gabriel |e autor |9 334886 | ||
| 245 | 1 | 0 | |a Filosofía para un tiempo de crisis |
| 300 | |a 250 p | ||
| 942 | |c BK | ||
| 945 | |d 19950512 00:00:00 |a mfernand | ||
| 260 | |a Madrid |b Guadarrama |c 1971 | ||
| 650 | 0 | |a Filosofía |9 223554 | |
| 650 | 0 | |a Humanismo |9 256530 | |
| 650 | 0 | |a Escuelas filosóficas |9 266232 | |
| 650 | 0 | |a Verdad |9 313815 | |
| 650 | 0 | |a Libre albedrío |9 334583 | |
| 650 | 0 | |a Muerte |9 265114 | |
| 650 | 0 | |a Conceptos morales |9 310606 | |
| 650 | 0 | |a Existencialismo |9 265698 | |
| 650 | 7 | |a FUTURO |2 CL-VaPUC |9 327615 | |
| 583 | |a last modification |c 19950512 00:00:00 |k Rodrigo Vera | ||
| 490 | 0 | |a Colección universitaria de bolsillo punto omega, 136 | |
| 999 | |c 233234 |d 233232 | ||
| 952 | |0 0 |1 0 |4 0 |6 142_700000000000000_MAR_1971 |7 0 |8 P |9 238578 |a BIBEDU |b BIBEDU |c BIBEDU_PB |d 2019-11-18 |i 1500643 |o 142.7 MAR 1971 |p 1500643 |r 2024-01-25 |w 2019-11-18 |y BK |k EDU | ||
| 952 | |0 0 |1 0 |4 0 |6 142_700000000000000_MAR_1971 |7 0 |8 P |9 238579 |a BIBEDU |b BIBEDU |c BIBEDU_PB |d 2019-11-18 |i 1500651 |o 142.7 MAR 1971 |p 1500651 |r 2024-01-25 |w 2019-11-18 |y BK |k EDU | ||
| 952 | |0 0 |1 0 |4 0 |6 142_700000000000000_MAR_1971 |7 0 |8 P |9 238580 |a BIBEDU |b BIBEDU |c BIBEDU_PB |d 2019-11-18 |i 3147010 |o 142.7 MAR 1971 |p 3147010 |r 2024-01-25 |w 2019-11-18 |y BK |k EDU | ||
| 952 | |0 0 |1 0 |4 0 |6 142_700000000000000_MAR_1971 |7 0 |8 P |9 238581 |a BIBEDU |b BIBEDU |c BIBEDU_PB |d 2019-11-18 |i 2012154 |o 142.7 MAR 1971 |p 2012154 |r 2024-01-25 |w 2019-11-18 |y BK |k EDU | ||